CYBER LAW 3.0 (Record no. 8746)

MARC details
000 -LEADER
fixed length control field 00449nam a22001817a 4500
005 - DATE AND TIME OF LATEST TRANSACTION
control field 20250415125100.0
008 - FIXED-LENGTH DATA ELEMENTS--GENERAL INFORMATION
fixed length control field 250411b |||||||| |||| 00| 0 eng d
020 ## - INTERNATIONAL STANDARD BOOK NUMBER
ISBN 978-81-962410-7-0
041 ## - LANGUAGE CODE
Language code of text/sound track or separate title eng
082 ## - DEWEY DECIMAL CLASSIFICATION NUMBER
Classification number 346.07 DUG-C
100 ## - MAIN ENTRY--AUTHOR NAME
Personal name DUGGAL DR. PAVAN
245 ## - TITLE STATEMENT
Title CYBER LAW 3.0
250 ## - EDITION STATEMENT
Edition statement 3RD ED. 2023
260 ## - PUBLICATION, DISTRIBUTION, ETC. (IMPRINT)
Place of publication GURGAON
Name of publisher UNIVERSAL LEXIX NEXIS
Year of publication 2023
300 ## - PHYSICAL DESCRIPTION
Number of Pages 954;P
650 ## - SUBJECT ADDED ENTRY--TOPICAL TERM
Topical Term LEGAL STUDIES
942 ## - ADDED ENTRY ELEMENTS (KOHA)
Koha item type Books
Holdings
Lost status Damaged status Collection code Home library Current library Shelving location Date acquired Source of acquisition Cost, normal purchase price Full call number Accession Number Koha item type
    Reference JRU Library JRU Library SHELF-1-C 10/04/2025 PURCHASE 2095.00 346.07 28672 Books
    LAW JRU Library JRU Library SHELF-30-D 10/04/2025 PURCHASE 2095.00 346.07 28673 Books
    LAW JRU Library JRU Library SHELF-30-D 10/04/2025 PURCHASE 2095.00 346.07 28674 Books
    LAW JRU Library JRU Library SHELF-30-D 10/04/2025 PURCHASE 2095.00 346.07 28675 Books
    LAW JRU Library JRU Library SHELF-30-D 10/04/2025 PURCHASE 2095.00 346.07 28676 Books